British foreign policy in the inter-war years (Record no. 425239)

000 -LEADER
fixed length control field 00381cam a22001217a 4500
008 - FIXED-LENGTH DATA ELEMENTS--GENERAL INFORMATION
fixed length control field 180718b1954 xxu||||| |||| 00| 0 eng d
082 ## - DEWEY DECIMAL CLASSIFICATION NUMBER
Classification number Dx42 R336
100 ## - MAIN ENTRY--PERSONAL NAME
Personal name Reynolds, P. A.
245 ## - TITLE STATEMENT
Title British foreign policy in the inter-war years
Statement of responsibility, etc. by P. A. Reynolds
260 ## - PUBLICATION, DISTRIBUTION, ETC.
Place of publication, distribution, etc. London
Name of publisher, distributor, etc. Longmans, Green
Date of publication, distribution, etc. 1954
300 ## - PHYSICAL DESCRIPTION
Extent xi, 182p
650 ## - SUBJECT ADDED ENTRY--TOPICAL TERM
Topical term or geographic name entry element Great Britain --Foreign relations --1910-1936
Holdings
Withdrawn status Lost status Damaged status Not for loan Permanent Location Current Location Date acquired Full call number Barcode Date last seen Price effective from Koha item type
        Indian Institute of Public Administration Indian Institute of Public Administration 2009-10-06 Dx42 R336 750 2018-07-21 2018-07-21 Book

Powered by Koha